000 00491nam a22001457a 4500
003 MACL
005 20190620162350.0
008 190620b xxu||||| |||| 00| 0 eng d
040 _cMACL
100 _aत्रिवेदी,रामदुलारे
_975419
245 _aकाकोरी के दिलजले
260 _aनई दिल्‍ली
_bप्रवीण प्रकाशन
_c2017
650 _aभारतीय इतिहास
_931578
942 _2ddc
_cHIN
999 _c60169
_d60169